Sborník příspěvků ze semináře posluchačů doktorského studijního programu v oborech Řízení a ekonomika podniku (...) /

Další autoři: Tichá, Ivana, 1963-, Bachmann, Pavel, 1974-
Jazyk: Čeština
Vydáno: Praha : Credit, 2000
Vydání: Vyd. 1.
Témata:
Fyzický popis: 95 s. : il. ; 30 cm
Knihy
Uloženo v:
LEADER 01567nam a2200373 a 4500
001 000536336
003 CZ BrMZK
005 20080430130232.0
007 ta
008 000115s2000 xr f cze d
015 |a cnb000978838 
020 |a 80-213-0639-4 
035 |a (OCoLC)85010713 
040 |a BOA001  |b cze 
072 7 |a 658  |x Řízení a správa podniku  |2 Konspekt  |9 4 
080 |a 658  |2 MRF 
080 |a 338.43.01  |2 MRF 
080 |a (062.534)  |2 MRF 
245 0 0 |a Sborník příspěvků ze semináře posluchačů doktorského studijního programu v oborech Řízení a ekonomika podniku (...) /  |c [editoři: Pavel Bachmann, Ivana Tichá] : Praha, 17.-18.2.2000 
246 1 3 |a Sborník příspěvků z doktorandského semináře oborů Řízení a ekonomika podniku, Zpracování dat a matematické modelování v zemědělství 
246 3 3 |a Zpracování dat a matematické modelování v zemědělství 
246 3 |a Řízení a ekonomika podniku 
250 |a Vyd. 1. 
260 |a Praha :  |b Credit,  |c 2000 
300 |a 95 s. :  |b il. ;  |c 30 cm 
500 |a Vyd. Česká zemědělská univ. v Praze. - Bibliogr. 
650 0 7 |a podnikový management  |7 ph115763  |2 czenas 
650 0 7 |a ekonomika zemědělství  |7 ph136643  |2 czenas 
655 7 |a sborníky konferencí  |7 fd133333  |2 czenas 
700 1 |a Tichá, Ivana,  |d 1963-  |7 jn20010309220  |4 edt 
700 1 |a Bachmann, Pavel,  |d 1974-  |7 jn20010309219  |4 edt 
910 |a BOA001  |b 4-1078.037 
990 |a BK 
996 6 |b 2610122951  |c 4-1078.037  |l MZK  |r Sklad / do 1 hodiny  |n 3  |p p.v.  |w 000536336  |u 000010  |a 1  |e BOA001  |j MZK50  |s P